| 000 | 00756nam a2200217Ia 4500 | ||
|---|---|---|---|
| 008 | 140429s9999 xx 000 0 und d | ||
| 020 | _a9789712356414 | ||
| 050 |
_aLB 1050.5 _b.B928 2010 |
||
| 100 | _aBuendicho, Flordeliza C. | ||
| 245 |
_aDevelopmental reading 2/ _cFlordeliza C. Buendicho. |
||
| 260 |
_aManila : _bRex Book Store, _cc2010. |
||
| 300 |
_a137 p. : _bill. ; _c26 cm. |
||
| 440 | _a(Teacher Education Academic Resources for College and Higher Education Students Series). | ||
| 500 | _aIncludes bibliographical references and index. | ||
| 521 | _aGE | ||
| 650 |
_aDevelopmental Reading _xHandbooks, manuals, etc. |
||
| 650 | _aDevelopmental reading. | ||
| 650 |
_aReading _xAbility testing. |
||
| 942 |
_kLOC _cBK |
||
| 999 |
_c115690 _d115690 |
||